| 000 | 02328cam a22005054a 4500 | ||
|---|---|---|---|
| 999 |
_c529981 _d529981 |
||
| 001 | 15866997 | ||
| 003 | NUST | ||
| 005 | 20191008123317.0 | ||
| 008 | 090813s2008 dcua bt f000 0 eng c | ||
| 010 | _a 2007910445 | ||
| 020 | _a9780309098014 (pbk.) | ||
| 020 | _a0309098017 (pbk.) | ||
| 035 | _a(OCoLC)ocn262846764 | ||
| 038 | _aMSOHAIL | ||
| 040 |
_aJCR _cJCR _dOHDOT _dPAU _dIQU _dDLC |
||
| 042 | _apcc | ||
| 043 | _an-us--- | ||
| 050 | 0 | 0 |
_aTE183 _b.B35 2008 |
| 082 | 0 | 0 |
_a388..1120973 _222 |
| 100 | 1 |
_aBalducci, Patrick. _923143 |
|
| 245 | 1 | 0 |
_aState highway cost allocation studies / _cconsultants, Patrick Balducci and Joseph Stowers. |
| 260 |
_aWashington, D.C. : _bTransportation Research Board, _c2008. |
||
| 300 |
_a65 p. : _bill. ; _c28 cm. |
||
| 490 | 1 |
_aNCHRP synthesis, _x0547-5570 ; _v378 |
|
| 500 | _aAt head of title: National Cooperative Highway Research Program. | ||
| 500 | _a"A synthesis of highway practice." | ||
| 504 | _aIncludes bibliographical references (p. 41-44). | ||
| 530 | _aAlso available online. | ||
| 536 |
_aResearch sponsored by the American Association of State Highway and Transportation Officials in cooperation with the Federal Highway Administration _fNCHRP project 20-5, topic 38-04 |
||
| 650 | 0 |
_aRoads _zUnited States _xStates _xFinance. _921562 |
|
| 650 | 0 |
_aMotor fuels _xTaxation _zUnited States _xStates. _921838 |
|
| 650 | 0 |
_aTransportation, Automotive _xTaxation _zUnited States _xStates. _923144 |
|
| 650 | 0 |
_aHighway planning _xEconomic aspects _zUnited States _xStates. _923145 |
|
| 650 | 0 |
_aCost allocation. _923146 |
|
| 700 | 1 |
_aStowers, Joseph R. _921633 |
|
| 710 | 2 |
_aNational Research Council (U.S.). _bTransportation Research Board. _923147 |
|
| 710 | 2 |
_aNational Cooperative Highway Research Program. _920864 |
|
| 710 | 2 |
_aAmerican Association of State Highway and Transportation Officials. _919553 |
|
| 710 | 1 |
_aUnited States. _bFederal Highway Administration. _920149 |
|
| 830 | 0 |
_aSynthesis of highway practice ; _v378. _923148 |
|
| 856 | 4 | 1 |
_3TRB access _uhttp://onlinepubs.trb.org/onlinepubs/nchrp/nchrp_syn_378.pdf |
| 906 |
_a7 _bcbc _cpccadap _d2 _encip _f20 _gy-gencatlg |
||
| 942 |
_2ddc _cBK |
||